Quizzes
Events
Quiz Creation
Community
Videos
Private Events
Remove Ads
Sign In
Join for FREE
Feedback
Dark Mode
Quiz Categories
Sports
Geography
Music
Movies
Television
Just For Fun
Miscellaneous
History
Literature
Language
Science
Gaming
Entertainment
Religion
Holiday
For Kids
Quiz Lab
Recent
Popular Today
Quiz Kudos Today
Editor Picks
Curator Picks
Quizzes by...
Day
Popularity
Type
Ratings
Length
Year
Community
Subscriptions
Recent Discussions
Orange Saloon
Badges
Playlists
Quests
Create
Leaderboards
Showdown
Live 5
Trivia Bingo
Activity
Puzzle Library
Sporcle Events
Private Events
Virtual Trivia
Globe League
Become a Host
Pub Owners
SporcleCon
Opinionation
Our Games
Videos
Blog
Mobile Apps
Partnerships
Remove Ads and Go Orange
Feedback
Gaming
Video Games
Board Games
Card Games
Pokémon
Mario
Nintendo
Minecraft
Console
Toys
Legend of Zelda
Gaming
Video Games
Board Games
Card Games
Pokémon
Mario
Nintendo
Minecraft
Console
Toys
Legend of Zelda
Random Quiz
Search Sporcle
×
Quiz Lab
Quiz Lab
Gaming
Video Games
Type in answers that appear in a list
Type in answers that appear in a list
Classic
Best Score? Go Orange.
Video Game Triples Stats
Can you name the video games formed by combining a set of three letters from each column?
By
Retracto
10m
108 Questions
157 Plays
157 Plays
157 Plays
Comments
Comments
Give Quiz Kudos
Give Quiz Kudos
-
- Ratings
hide this ad
Replay
Link that replays current quiz
Next Quiz
Link to next quiz in quiz playlist
You Got
0%
They Got
Avg Score
57%
Avg Friend Score
Upgrade to see
Score Distribution
Jump to the score distribution portion of the page
Score
0/108
Timer
10:00
0
Plays Today
Letters
Game
% Correct
1-
2-
3
Civilization
82.8%
4-
5-
6
Civilization
82.8%
7-
8-
9
Civilization
82.8%
10-
11-
12
Civilization
82.8%
1-
2-
3
Age of Empires
82.2%
4-
5-
6
Age of Empires
82.2%
7-
8-
9
Age of Empires
82.2%
10-
11-
12
Age of Empires
82.2%
1-
2-
3
Resident Evil
77.1%
4-
5-
6
Resident Evil
77.1%
7-
8-
9
Resident Evil
77.1%
10-
11-
12
Resident Evil
77.1%
1-
2-
3
Final Fantasy
75.2%
4-
5-
6
Final Fantasy
75.2%
7-
8-
9
Final Fantasy
75.2%
10-
11-
12
Final Fantasy
75.2%
1-
2-
3
Bubble Bobble
74.5%
4-
5-
6
Bubble Bobble
74.5%
7-
8-
9
Bubble Bobble
74.5%
10-
11-
12
Bubble Bobble
74.5%
1-
2-
3
Mortal Kombat
70.1%
4-
5-
6
Mortal Kombat
70.1%
7-
8-
9
Mortal Kombat
70.1%
10-
11-
12
Mortal Kombat
70.1%
1-
2-
3
Jak and Daxter
68.8%
4-
5-
6
Jak and Daxter
68.8%
7-
8-
9
Jak and Daxter
68.8%
10-
11-
12
Jak and Daxter
68.8%
1-
2-
3
Earthworm Jim
66.9%
4-
5-
6
Earthworm Jim
66.9%
7-
8-
9
Earthworm Jim
66.9%
10-
11-
12
Earthworm Jim
66.9%
1-
2-
3
Double Dragon
66.2%
4-
5-
6
Double Dragon
66.2%
7-
8-
9
Double Dragon
66.2%
10-
11-
12
Double Dragon
66.2%
Letters
Game
% Correct
1-
2-
3
Splinter Cell
59.2%
4-
5-
6
Splinter Cell
59.2%
7-
8-
9
Splinter Cell
59.2%
10-
11-
12
Splinter Cell
59.2%
1-
2-
3
Phantasy Star
56.7%
1-
2-
3
Vagrant Story
56.7%
4-
5-
6
Phantasy Star
56.7%
4-
5-
6
Vagrant Story
56.7%
7-
8-
9
Phantasy Star
56.7%
7-
8-
9
Vagrant Story
56.7%
10-
11-
12
Vagrant Story
56.7%
10-
11-
12
Phantasy Star
56.7%
1-
2-
3
Medal of Honor
55.4%
4-
5-
6
Medal of Honor
55.4%
7-
8-
9
Medal of Honor
55.4%
10-
11-
12
Medal of Honor
55.4%
1-
2-
3
Super Metroid
54.8%
4-
5-
6
Super Metroid
54.8%
7-
8-
9
Super Metroid
54.8%
10-
11-
12
Super Metroid
54.8%
1-
2-
3
Banjo Kazooie
54.1%
4-
5-
6
Banjo Kazooie
54.1%
7-
8-
9
Banjo Kazooie
54.1%
10-
11-
12
Banjo Kazooie
54.1%
1-
2-
3
Grim Fandango
53.5%
1-
2-
3
Lego Star Wars
53.5%
4-
5-
6
Grim Fandango
53.5%
4-
5-
6
Lego Star Wars
53.5%
7-
8-
9
Lego Star Wars
53.5%
7-
8-
9
Grim Fandango
53.5%
10-
11-
12
Lego Star Wars
53.5%
10-
11-
12
Grim Fandango
53.5%
1-
2-
3
Full Throttle
51%
4-
5-
6
Full Throttle
51%
7-
8-
9
Full Throttle
51%
10-
11-
12
Full Throttle
51%
Letters
Game
% Correct
1-
2-
3
Darkstalkers
49.7%
1-
2-
3
Kung Fu Master
49.7%
4-
5-
6
Kung Fu Master
49.7%
4-
5-
6
Darkstalkers
49.7%
7-
8-
9
Darkstalkers
49.7%
7-
8-
9
Kung Fu Master
49.7%
10-
11-
12
Darkstalkers
49.7%
10-
11-
12
Kung Fu Master
49.7%
1-
2-
3
Breath of Fire
48.4%
4-
5-
6
Breath of Fire
48.4%
7-
8-
9
Breath of Fire
48.4%
10-
11-
12
Breath of Fire
48.4%
1-
2-
3
Sonic Advance
47.8%
4-
5-
6
Sonic Advance
47.8%
7-
8-
9
Sonic Advance
47.8%
10-
11-
12
Sonic Advance
47.8%
1-
2-
3
Dungeon Siege
43.9%
4-
5-
6
Dungeon Siege
43.9%
7-
8-
9
Dungeon Siege
43.9%
10-
11-
12
Dungeon Siege
43.9%
1-
2-
3
No More Heroes
42.7%
4-
5-
6
No More Heroes
42.7%
7-
8-
9
No More Heroes
42.7%
10-
11-
12
No More Heroes
42.7%
1-
2-
3
Secret of Mana
42%
4-
5-
6
Secret of Mana
42%
7-
8-
9
Secret of Mana
42%
10-
11-
12
Secret of Mana
42%
1-
2-
3
Pole Position
39.5%
4-
5-
6
Pole Position
39.5%
7-
8-
9
Pole Position
39.5%
10-
11-
12
Pole Position
39.5%
1-
2-
3
The Bard's Tale
33.8%
4-
5-
6
The Bard's Tale
33.8%
7-
8-
9
The Bard's Tale
33.8%
10-
11-
12
The Bard's Tale
33.8%
Quiz Playlist
Details
Report
Send in Message
Add To Playlist
Classic:
Type in answers that appear in a list
Last Updated: Feb 16, 2017
Quiz Scoreboard
CHALLENGE
Sign Up to Join the Scoreboard
Show All
Scores
Hide
Comments
May contain spoilers
Recently Published
Click the 1999 NBA Draft
by nibperrychub
Sports
2m
Alphabetical 'K' Countries by Flag Minefield
by ylime102
Geography
3m
Pick 6: Fruits
by JohnFran
Miscellaneous
15s
More to Explore
Quiz From the Vault
Featured Blog Post
15 Basketball Trivia Facts You Can Be March Mad About
hide this ad
You Might Also Like...
Tags
Video Games Quiz
scramble
triple
Video
Today's Top Quizzes in Gaming
Browse Gaming
hide this ad
Today's Top Quizzes in Video Games
Browse Video Games
Top Contributed Quizzes in Gaming
1
Pokémon Gen IV Logic Puzzle (HARD)
2
HARD Pokemon Logic Puzzle
3
Honkai: Star Rail Technique Names Quiz
4
Order Genshin Impact characters by release date!
5
Genshin Impact Logic Puzzle
6
Genshin Impact Logic Puzzle Quiz
7
Stardew Valley Logic Puzzle
8
Danganronpa 1 Logic Puzzle
9
Pokémon Logic Puzzle (DIFFICULT)
10
Kingdom Hearts Logic Puzzle
Explore More
Trending Topics
Anime
Harry Potter
Disney
Marvel
NBA
Kpop
Crossword
NFL
Pokémon
Song
The Office
Soccer
WWE
Puzzle
Country
hide this ad
More By:
Retracto
Quiz
Plays
Rating
Category
Featured
Created
WWE Title History
22,730
4.61
Sports
Mar 19, 2010
100 most published DC Comics characters
10,448
4.22
Entertainment
Aug 17, 2010
Comic characters with 1000+ appearances
2,569
4.13
Entertainment
Apr 19, 2010
One-word Star Trek episodes
2,009
4.30
Television
Jul 30, 2010
300 authors by novel
1,465
4.33
Literature
Jan 17, 2021
Go to Creator's Profile
Score Distribution
Quiz Creator Spotlight
Retracto
Follow
Send a Message
Quizzes Created
-
Created Quiz Play Count
-
More By This Creator
Popular Quizzes Today
1
Countries of Asia Without Outlines Minefield
2
Find the US States - No Outlines Minefield
3
Pick 6: Fruits
4
Alphabetical 'K' Countries by Flag Minefield
5
The Countries of the World
6
Find the US States
7
US States
8
Match the Book to the Film X
More Gaming Quizzes
Gaming Weapons
Editor's Pick
Trending Quizzes
Pick 6: Mountains
Pick 6: Harry Potter
Pick 6: NFL Teams
Pick 6: Movie Franchises
Pick 6: Flags
Recently Updated
NWSL Teams
pecheneg
Women's Final Four Teams by Year
bhenderson79
Presidents Quartet II
eogle
Anything But Clue(do)
eogle
Anything But Oceanian Capitals
eogle
Anything But 7
eogle
Anything But Thing
eogle
Word Ladder: February 29
pecheneg
Song Title Questions
pecheneg
Women's NCAA Tournament #1 Seeds
pecheneg
Trending Topics
Disney
Crossword
Kpop
Harry Potter
Anime
Marvel
NBA
NFL
Song
The Office
Soccer
Puzzle
Country
Pokémon
WWE
Your Account Isn't Verified!
In order to create a playlist on Sporcle, you need to verify the email address you used during registration. Go to your
Sporcle Settings
to finish the process.
Report this User
Report this user for behavior that violates our
Community Guidelines
.
Details:
Send Report
Go to the Sporcle.com Mobile Site →
Comments